New Names of Cities - Statistics

General Stats
  • This quiz has been taken 261 times
  • The average score is 8 of 10
Answer Stats
Former Name New Name % Correct
Peking Beijing
97%
Saigon Ho Chi Minh City
92%
Tenochtitlan Mexico City
88%
Edo Tokyo
87%
Leopoldville Kinshasa
74%
Stalingrad Volgograd
74%
Madras Chennai
70%
Dacca Dhaka
66%
Christiana Oslo
56%
Angora Ankara
49%
No matching quizzes found
Score Distribution
Percent of People with Each Score
Percentile by Number Answered
Your Score History
You have not taken this quiz